00789nam a22002177a 450000500170000001000150001702000270003203500140005903700130007308200120008610000350009824501040013325000100023726000380024727000730028530000240035870000100038294200260039299900190041895201340043720231221123955.0 aENG-138673 a9789384863838c1250.00 aEN-122205 bDBAD/PUB a812.509 aMaheshwari, Vinod Kumar960110 aAlienation and Affirmation in the Plays of O'Neill, Miller and Williams/cBy Vinod Kumar Maheshwari aFirst aNew DelhibDiamond Creationc2021 a21, North Basti Harphool Singh, Sadar Thana Road,bNew Delhie110006 ax,+262p.c22cm(hbk) 960108 2ddccENh812.509mMAH c199754d199754 001040718NFICaLbLd2023-12-21eDBAD/PUBg1250.00l0o812.509 MAHpEN-122205r2023-12-21 00:00:00t1v1250.00w2023-12-21yEN